|
|
|
|
| LEADER |
01942nam a22003734a 4500 |
| 001 |
34011 |
| 003 |
BD-DhAAL |
| 005 |
20230816165312.0 |
| 008 |
181119t2004 mau b 001 0 eng |
| 010 |
|
|
|a 2003062869
|
| 020 |
|
|
|a 0674013255 (alk. paper)
|
| 020 |
|
|
|a 9780674013254
|
| 035 |
|
|
|a (OCoLC)53044881
|
| 040 |
|
|
|a DLC
|c DLC
|d C#P
|d YBM
|d MYG
|d OrLoB-B
|d BD-DhAAL
|
| 042 |
|
|
|a pcc
|
| 043 |
|
|
|a n-us---
|
| 049 |
|
|
|a MYGG
|
| 050 |
0 |
0 |
|a LB2331.B34 2004
|
| 082 |
0 |
0 |
|a 378.12
|2 22
|
| 100 |
1 |
|
|a Bain, Ken.
|9 28982
|
| 245 |
1 |
0 |
|a What the best college teachers do /
|c Ken Bain.
|
| 260 |
|
|
|a Cambridge, Mass. :
|b Harvard University Press,
|c c2004.
|
| 300 |
|
|
|a 207 pages ;
|c 21 cm.
|
| 504 |
|
|
|a Includes bibliographical references (pages [191]-200) and index.
|
| 505 |
0 |
0 |
|g 1.
|t Introduction: Defining the Best --
|g 2.
|t What Do They Know about How We Learn? --
|g 3.
|t How Do they Prepare to Teach? --
|g 4.
|t What Do They Expect of Their Students? --
|g 5.
|t How Do They Conduct Class? --
|g 6.
|t How Do They Treat Their Students? --
|g 7.
|t How Do They Evaluate Their Students and Themselves? --
|t Epilogue: What Can We Learn From Them? --
|g App.
|t How the Study Was Conducted.
|
| 526 |
|
|
|a Complimentary copy from PDC, AAL
|
| 541 |
|
|
|a Amazon.com, Trim education
|e 34011, 41655
|
| 650 |
|
0 |
|a College teaching
|z United States.
|9 28983
|
| 650 |
|
0 |
|a Effective teaching
|z United States.
|9 28984
|
| 852 |
|
|
|a Ayesha Abed Library
|c General Stacks
|
| 942 |
|
|
|2 ddc
|c BK
|
| 999 |
|
|
|c 40291
|d 40291
|
| 952 |
|
|
|0 0
|1 3
|2 ddc
|4 0
|6 378_120000000000000_BAI
|7 0
|9 64693
|a PDC
|b PDC
|c GEN
|d 2018-11-19
|e Amazon.com
|g 1760.74
|l 0
|o 378.12 BAI
|p 3010034011
|r 2018-11-19
|t 1
|v 1901.39
|w 2018-11-19
|y BK
|x Lost and cost paid by (PIN-7164) USD-17.77 @BDT107 =BDT-1901.39 Date-14/02/2023, Money Receipt-52511
|
| 952 |
|
|
|0 0
|1 0
|2 ddc
|4 0
|6 378_120000000000000_BAI
|7 0
|9 74208
|a BRACUL
|b BRACUL
|c GEN
|d 2023-08-09
|e Trim education
|g 3500.00
|l 0
|o 378.12 BAI
|p 3010041655
|r 2023-08-09
|t 1
|v 3500.00
|w 2023-08-09
|y BK
|